International workshop on stellar spectral libraries (Record no. 18778)
[ view plain ]
| 000 -LEADER | |
|---|---|
| fixed length control field | 00881nam a2200217Ia 4500 |
| 003 - CONTROL NUMBER IDENTIFIER | |
| control field | IN-BaIIA |
| 008 - FIXED-LENGTH DATA ELEMENTS--GENERAL INFORMATION | |
| fixed length control field | 211028s9999 xx 000 0 eng d |
| 020 ## - INTERNATIONAL STANDARD BOOK NUMBER | |
| International Standard Book Number | 978-81-922926-4-9 |
| 040 ## - CATALOGING SOURCE | |
| Transcribing agency | IIA Library |
| 080 ## - UNIVERSAL DECIMAL CLASSIFICATION NUMBER | |
| Universal Decimal Classification number | 082.2:52 |
| Item number | ASI-6 |
| 111 ## - MAIN ENTRY--MEETING NAME | |
| Meeting name or jurisdiction name as entry element | International Workshop on Stellar Spectral Libraries |
| Location of meeting | Delhi |
| Date of meeting or treaty signing | 2011 Dec. 5-9 |
| 9 (RLIN) | 35925 |
| 245 #0 - TITLE STATEMENT | |
| Title | International workshop on stellar spectral libraries |
| Remainder of title | proceedings of workshop held in University of Delhi, Delhi, India, December 5-9, 20 |
| Statement of responsibility, etc. | edited by Philippe Prugniel and Harinder P. Singh |
| 260 ## - PUBLICATION, DISTRIBUTION, ETC. | |
| Place of publication, distribution, etc. | Bangalore |
| Name of publisher, distributor, etc. | Astronomical Society of India |
| Date of publication, distribution, etc. | 2012 |
| 300 ## - PHYSICAL DESCRIPTION | |
| Extent | xii, 273p. |
| 490 ## - SERIES STATEMENT | |
| Series statement | Astronomical society of India conference series; v. 6 |
| 650 ## - SUBJECT ADDED ENTRY--TOPICAL TERM | |
| Topical term or geographic name entry element | Spectral libraries |
| 9 (RLIN) | 35926 |
| 650 ## - SUBJECT ADDED ENTRY--TOPICAL TERM | |
| Topical term or geographic name entry element | Stellar spectrum |
| 9 (RLIN) | 35927 |
| 700 ## - ADDED ENTRY--PERSONAL NAME | |
| Personal name | Prugniel, Philippe, ed. |
| 9 (RLIN) | 35928 |
| 700 ## - ADDED ENTRY--PERSONAL NAME | |
| Personal name | Singh, Harinder P., ed. |
| 9 (RLIN) | 35929 |
| 942 ## - ADDED ENTRY ELEMENTS (KOHA) | |
| Koha item type | Books |
| Withdrawn status | Lost status | Damaged status | Not for loan | Home library | Current library | Shelving location | Date acquired | Total Checkouts | Full call number | Barcode | Date last seen | Price effective from | Koha item type |
|---|---|---|---|---|---|---|---|---|---|---|---|---|---|
| IIA Library-Bangalore | IIA Library-Bangalore | General Stacks | 23/08/2013 | 082.2:52/ ASI-6 | 19700 | 05/11/2021 | 23/08/2013 | Books |